5HLuxD.jpg

KING HENRY VIII SENIOR AND PRIMARY SCHOOL LIBRARY OPAC

Queens : (Record no. 1586)

000 -LEADER
fixed length control field 01218nam a2200373 i 4500
001 - CONTROL NUMBER
control field 022637580
003 - CONTROL NUMBER IDENTIFIER
control field UkOxU
005 - DATE AND TIME OF LATEST TRANSACTION
control field 20230113161859.0
008 - FIXED-LENGTH DATA ELEMENTS--GENERAL INFORMATION
fixed length control field 200602t20202020enka j 001|0ceng c
015 ## - NATIONAL BIBLIOGRAPHY NUMBER
National bibliography number GBC099568
Source bnb
016 7# - NATIONAL BIBLIOGRAPHIC AGENCY CONTROL NUMBER
Record control number 019865728
Source Uk
020 ## - INTERNATIONAL STANDARD BOOK NUMBER
International Standard Book Number 9780702301902 (pbk.) :
035 ## - SYSTEM CONTROL NUMBER
System control number (UkCU)991006804362503606
035 ## - SYSTEM CONTROL NUMBER
System control number (Uk)019865728
035 ## - SYSTEM CONTROL NUMBER
System control number ()9780702301902
035 ## - SYSTEM CONTROL NUMBER
System control number (StEdALDL)1/3984278
040 ## - CATALOGING SOURCE
Original cataloging agency StDuBDS
Language of cataloging eng
Description conventions rda
Transcribing agency StDuBDS
Modifying agency UkCU
-- KH8
042 ## - AUTHENTICATION CODE
Authentication code ukscp
082 04 - DEWEY DECIMAL CLASSIFICATION NUMBER
Classification number 920.72 CRO
Edition number 23
100 1# - MAIN ENTRY--PERSONAL NAME
Personal name Crossman, Victoria,
Relator term author,
-- illustrator.
245 10 - TITLE STATEMENT
Title Queens :
Remainder of title 3,000 years of the most powerful women in history /
Statement of responsibility, etc. Victoria Crossman.
246 13 - VARYING FORM OF TITLE
Title proper/short title Queens three thousand years of the most powerful women in history
264 #1 - PRODUCTION, PUBLICATION, DISTRIBUTION, MANUFACTURE, AND COPYRIGHT NOTICE
Place of production, publication, distribution, manufacture London :
Name of producer, publisher, distributor, manufacturer Scholastic,
Date of production, publication, distribution, manufacture, or copyright notice 2020.
264 #4 - PRODUCTION, PUBLICATION, DISTRIBUTION, MANUFACTURE, AND COPYRIGHT NOTICE
Date of production, publication, distribution, manufacture, or copyright notice ©2020
300 ## - PHYSICAL DESCRIPTION
Extent 157 pages :
Other physical details illustrations (colour) ;
Dimensions 25 cm
336 ## - CONTENT TYPE
Content type term text
Source rdacontent
336 ## - CONTENT TYPE
Content type term still image
Source rdacontent
337 ## - MEDIA TYPE
Media type term unmediated
Source rdamedia
338 ## - CARRIER TYPE
Carrier type term volume
Source rdacarrier
500 ## - GENERAL NOTE
General note Includes index.
650 #0 - SUBJECT ADDED ENTRY--TOPICAL TERM
Topical term or geographic name entry element Queens
Form subdivision Biography
-- Juvenile literature.
650 #0 - SUBJECT ADDED ENTRY--TOPICAL TERM
Topical term or geographic name entry element Women heads of state
Form subdivision Biography
-- Juvenile literature.
942 ## - ADDED ENTRY ELEMENTS (KOHA)
Source of classification or shelving scheme
Koha item type Books - Non Ficton
Holdings
Withdrawn status Lost status Source of classification or shelving scheme Damaged status Not for loan Collection code Permanent Location Current Location Shelving location Date acquired Total Checkouts Full call number Barcode Date last seen Date last checked out Price effective from Koha item type
          Non-Fiction KH8 Primary School Library KH8 Primary School Library Non Fiction 2023-01-13 7 920.72 CRO KHPL000003349 2025-12-05 2025-01-17 2023-01-13 Books - Non Ficton

Powered By KH8 IT Dept